000 00342nam a2200133Ia 4500
005 20260328101445.0
008 260328s9999||||xx |||||||||||||| ||und||
100 _aEisenman, Peter
245 0 _aTen canonical Buildings 1950-2000 /
_cPeter Eisenman
260 _bRizzoli
300 _a303 p.
650 _aARQUITECTURA - ELEMENTOS
942 _cBK
999 _c8447
_d8447